000 00272nam a2200121 i 4500
001 bg
245 0 _aProblemy matematiceskoj fiziki. Nypusk 5.
260 _aLeningrad,
_c1971.
040 _cBPK
041 _apol
942 _cKS
008 s pl f |000 0 pol
999 _c7307
_d7307
856 _uhttp://koha.tu.koszalin.pl/cgi-bin/koha/opac-detail.pl?biblionumber=7307
_yKatalog online BPK